| 000 | 01084 a2200217 4500 | ||
|---|---|---|---|
| 005 | 20080916172921.0 | ||
| 008 | 080916t xxu||||| |||| 00| 0 hin d | ||
| 010 | _aHIN-80971 | ||
| 020 |
_a8188257176 _c200.00 |
||
| 035 | _aHN-53317 | ||
| 037 | _bD.B.Act / pub | ||
| 082 | _a796.14 | ||
| 100 | _aजांगिड,रामविलास | ||
| 245 |
_aग्रामीण खेल _cरामविलास जांगिड |
||
| 246 |
_aGrameen khel _bby-Ramvelas jaangid |
||
| 260 |
_aजयपुर _bहंसा प्रकाशन _c2006 |
||
| 300 |
_a168पृ _c22 सेमी (सजिल्द) |
||
| 270 |
_a57 नाटाणी,भवन,मिश्रराजा जी का रास्ता,चंदपोल बाजार _bजयपुर _e302001 |
||
| 942 |
_adpl _cHN _k796.14 / जांगिड _2ddc _h796.14 _mजांगिड |
||
| 999 |
_c7660 _d7660 |
||